000 00566nam a22001817a 4500
999 _c6402
_d6402
003 AR-CdUCM
008 190315b ||||| |||| 00| 0 spa d
040 _aMUNICIPALIDAD PROVINCIAL DEL CUSCO
_cBIBLIOTECA MUNICIPAL DEL CUSCO
082 _a869.56 /
_bC25
100 _aCansaya Esquivel, Mario Fredhi
_918211
245 _aInkarri :
_bquechua-castellano /
260 _aCusco :
_bSistemas Gráficos Aguilar,
_c2015.
300 _a122 páginas ;
_c21 cm.
500 _aPoemario Bilingüe.
650 _aPoesías quechuas
_97576
942 _2ddc
_cLIBROS
945 _aafb